V Richnave volili aj obyvatelia čiernych stavieb pre komisiu bolo dôležité rodné číslo

Bibliographic Details
Main Author: Karasová, Erika, 1973- (Author)
Format: Article
Language:Slovak
PhysicalDescription:Fotogr.
ISSN:1335-7590
Subjects:

MARC

LEADER 00000nab a2200000 ar4500
001 vtls010028188
003 SK-MaSNL
005 20260305031154.0
008 091204c20090323xo mr|p|||||||000 b|slo
038 |a SNSK 
040 |b slo  |c SNSK  |e AACR2 
041 |a slo 
044 |a xo  |c SK 
080 |a 324  |x (437.6)  |x "2009"  |2 2001 
100 1 |a Karasová, Erika,  |d 1973-  |4 aut  |9 89869 
245 1 0 |a V Richnave volili aj obyvatelia čiernych stavieb  |b pre komisiu bolo dôležité rodné číslo  |c Erika Karasová 
300 |b Fotogr. 
648 7 |a 2009  |2 snsk  |9 320114 
650 0 7 |a voľby prezidenta SR  |2 snsk  |9 1608829 
651 7 |a Richnava (Slovensko)  |2 snsk  |9 58940 
651 7 |a Spišská Nová Ves (Slovensko : okres)  |2 snsk  |9 22259 
773 0 |t Spišský Korzár  |g Roč. XI., č. 68 (23.3.2009), s. 2  |x 1335-7590 
852 |a SNSK  |b KIS3GCP 
999 |c 3315039  |d 3316969